Hán thư tinh hoa

Tập hợp một số câu chuyện về lịch sử Trung Quốc cổ đại thời Tây Hán từ năm 206 TCN đến năm 23 sau CN

Guardat en:
Dades bibliogràfiques
Format: Llibre
Idioma:Undetermined
Publicat: Thành phố Hồ Chí Minh Phương Đông 2005
Matèries:
Etiquetes: Afegir etiqueta
Sense etiquetes, Sigues el primer a etiquetar aquest registre!
Thư viện lưu trữ: Trung tâm Học liệu Trường Đại học Cần Thơ
LEADER 00732nam a2200193Ia 4500
001 CTU_101395
008 210402s9999 xx 000 0 und d
020 |c 33000 
082 |a 181.11 
082 |b H105 
245 0 |a Hán thư tinh hoa 
245 0 |c Trí Tuệ biên dịch 
260 |a Thành phố Hồ Chí Minh 
260 |b Phương Đông 
260 |c 2005 
520 |a Tập hợp một số câu chuyện về lịch sử Trung Quốc cổ đại thời Tây Hán từ năm 206 TCN đến năm 23 sau CN 
650 |a Chinese philosophy 
904 |i Hiếu (sửa số pl 181.11/Tr300 thành 181.11/H105) 
980 |a Trung tâm Học liệu Trường Đại học Cần Thơ